Historiae animalium... opus philosophis medicis, grammaticis, philologis, poetis, et omnibus rerum linguarumque variarim studiosis, utilissimum simul iucundissimumque futurum

Detalles Bibliográficos
Autor principal: Gesner, Konrad 1516-1565
Formato: Libro
Lenguaje:Latin
Publicado: Francofurti 1620
Edición:Editio secunda novis iconibus nec non observationibus non paucis auctior, atque etiam multis in locis emendatior
Materias:
Colección:Banco de datos
Acervo:Biblioteca Armando Olivares Carrillo de la Universidad de Guanajuato. Fondo Conventos
Descripción Física:2 t. il. f°
Tema general:Zoología
Notas:Incluye ilustraciones en grabado xilográfico
Marca de fuego: Convento de san Francisco de Salamanca, Gto.
Daños en la parte superior de la portada
LEADER 01049nam a22002290004500
035 |a 2939 
041 0 |a lat 
050 4 |a QL41  |b G4 
100 1 |a Gesner, Konrad  |d 1516-1565 
245 1 0 |a Historiae animalium... opus philosophis medicis, grammaticis, philologis, poetis, et omnibus rerum linguarumque variarim studiosis, utilissimum simul iucundissimumque futurum  |c Conr. Gesneri medici Tigurini 
250 |a Editio secunda novis iconibus nec non observationibus non paucis auctior, atque etiam multis in locis emendatior 
260 |a Francofurti  |b in bibliopolio Henrici Laurentii  |c 1620 
300 |a 2 t.  |b il.  |c f° 
500 |a Incluye ilustraciones en grabado xilográfico 
500 |a Marca de fuego: Convento de san Francisco de Salamanca, Gto.  
500 |a Daños en la parte superior de la portada 
505 0 0 |a t.1 De quadrupedibus viviparis 
650 1 0 |a Zoología 
949 |a CO. t. 1 (5388) 
942 |c GUANAJUATO 
943 |g Biblioteca Armando Olivares Carrillo de la Universidad de Guanajuato. Fondo Conventos 
999 |c 1146896  |d 1146896